Normal view
MARC view
- Dickinson, John P.
Entry Personal Name
001 - CONTROL NUMBER
- control field: 7328
003 - CONTROL NUMBER IDENTIFIER
- control field: OSt
005 - DATE AND TIME OF LATEST TRANSACTION
- control field: 20101230112433.0
008 - FIXED-LENGTH DATA ELEMENTS
- fixed length control field: 101230|||a|||||| | ||| d
040 ## - CATALOGING SOURCE
- Original cataloging agency: OSt
- Transcribing agency: OSt
100 ## - HEADING--PERSONAL NAME
- Personal name: Dickinson, John P.
670 ## - SOURCE DATA FOUND
- Source citation: Work cat.: (OSt): Dickinson, John P., Science and Scientific researchers in modern society;, 1986
670 ## - SOURCE DATA FOUND
- Source citation: Work cat.: (OSt): Dickinson, John P., Science and Scientific researchers in modern society;, 1986
